| 000 | 00420nam a2200169Ia 4500 | ||
|---|---|---|---|
| 100 | _aLethbridge/T.C | ||
| 650 | _aUML | ||
| 250 | _a3 | ||
| 942 | _cBK | ||
| 366 | _f20 | ||
| 654 | _auml | ||
| 245 | _aObject Oriented Software Engineering:Practical software development using UML and JAVA | ||
| 260 |
_bTata Mc Graw hill Ltd. _aNew Delhi. _c2001 |
||
| 082 |
_a005.117/LET _bLET |
||
| 300 | _a496 | ||
| 546 | _aENGLISH | ||
| 999 |
_c18560 _d18560 |
||